Glycolyse - Statistiques

Statistiques générales
  • Ce quiz a été pris 1 061 fois
  • Le résultat moyen est 17 sur 29
Statistiques - réponses
Type de quiz Réponse % Correct
Mol Glucose
99%
Mol Glucose-6-phosphate
88%
Mol Fructose-6-phosphate
86%
Enz Hexokinase
83%
Mol Pyruvate
79%
Autre ATP
76%
Mol Glycéraldéhyde-3-phosphate
74%
Autre ADP
70%
Enz Phosphofructokinase
69%
Mol Fructose-1,6-biphosphate
68%
Autre NAD+
64%
Mol Phosphoénolpyruvate
63%
Enz Aldolase
62%
Mol Dihydroxyacétone phosphate
61%
Autre NADH + H+
60%
Mol 3-phosphoglycérate
59%
Mol 2-phosphoglycérate
56%
Enz Pyruvate kinase
56%
Enz Enolase
54%
Enz Phosphoglucose isomérase
52%
Autre H₂O
48%
Mol 1,3-biphosphoglycérate
46%
Autre Pi
46%
Enz Triose phosphate isomérase
45%
Enz Phosphoglycérate kinase
44%
Enz Phosphoglycérate mutase
43%
Enz Glycéraldéhyde-3-phosphate déshydrogénase
35%
Autre Mg²⁺
28%
Autre K+
27%
Aucun quiz correspondant
Distribution des résultats
% des personnes avec chaque résultat
Percentile par nombre de réponses
Votre historique - résultats
Vous n’avez pas pris ce quiz